000 00782nab a2200229u 4500
001 22875
003 HDC
007 c| |||a|c|aaaa
008 210310b20100906my ||||o |||| 00| 0 eng d
040 _aHDC
100 _aNoreen Lanigan /
_eauthor
_919610
245 0 _aFrance: French halal market now up to four times bigger than organic /
_cNoreen Lanigan
336 _atext
_2rdacontent
337 _acomputer
_2rdamedia
338 _aonline resource
_2rdacarrier
650 _ahalal food consumption
_919611
650 _ahalal market
_9582
856 _zRequest full-text at [email protected]
942 _2lcc
942 _cNEWS
942 _kNWS0 005057
999 _c20191
_d20191